LEADER 01297nam a2200325 u 4500 001 000000043409 003 CaOOAMICUS 005 20070226114432.0 008 990330s1934 fr u000 u fre u 035 $a10818535 040 $aPUL(R)$bita 100 1 $aLemonnyer, A.,$cO.P.$0(OLS)http://pul/name/31752 245 10$aPrécis de sociologie /$cpar A. Lemonnyer, O.P., J. Tonneau, O.P. et R. Troude ... ; avec une introduction du R. P. Delos .. 260 $aMarseille :$bEd. Publiroc,$c1934. 300 $a503 p. ;$c22 cm 500 $aContiene indici. 504 $aBibliografia in nota. 650 4$aSociologia.$0(OLS)http://pul/subject/2611 700 1 $aDelos, R. P.$0(OLS)http://pul/name/31755 700 1 $aTroude, R.$0(OLS)http://pul/name/31754 700 1 $aTonneau, Jean,$cO.P.$0(OLS)http://pul/name/31753 850 $aPUL 852 $aPUL$W1$xDP1 Cons. Gen., Altre Classi 1$y22$m43 B 3$j58513$nBK-PRI$b $qStampati$B58513$CPULBib$Z2$F58513 $H $81 941 1 $a8 960 $aSociology$92611 960 $aSociology$92611 960 $aScienze sociali$92611 960 $aScienze sociali$92611 996 $6245$aPrécis de sociologie$9(OLS)http://pul/title/58519 996 $6260$aMarseille :$bEd. Publiroc$9(OLS)http://pul/publisher/65276 LEADER 01116nam a2200241 u 4500 001 000000084926 003 CaOOAMICUS 005 20070226124130.0 008 050722s19099999gw u000 u lat u 035 $a11054654 040 $aPUL(R)$bita 100 1 $aMicheletti, Antonio Maria,$csac.$0(OLS)http://pul/name/18286 245 10$aCommentarium in decretum et normas pro reformatione seminariorum /$cA.M. Micheletti. 260 $aFriburgi Brisgoviae :$bHerder ;$aRomae :$bPustet,$c<1909 >. 300 $av. <2 > ;$c24 cm 505 1 $aVol. 2. De ratione studiorum in sacris seminariis : manuale theoretico-practicum. 650 4$aSeminari.$0(OLS)http://pul/subject/26281 850 $aPUL 852 $aPUL$W1$xDP1 Fondo Cecchetti$y53$m275 F 22$j107949$nBK-PRI$b $qFondi$B107949$CPULBib$Z2$F107949 $HPUL7241 $81 941 1 $a1 996 $6245$aCommentarium in decretum et normas pro reformatione seminariorum$9(OLS)http://pul/title/110333 996 $6260$aFriburgi Brisgoviae :$bHerder$9(OLS)http://pul/publisher/50008 996 $6260$aRomae :$bPustet$9(OLS)http://pul/publisher/48743